000
00337nam a2200145Ia 4500
100
_a
Bose/R.K/ Joshi/M.C
942
_c
BK
654
_a
Mathematical Physics
245
_a
Methods of Mathematical Physics
260
_b
Tata Mc Graw hill
_a
Delhi
_c
1984
082
_a
530.15
_b
BOS/JOS
300
_a
290
546
_a
ENGLISH
999
_c
21913
_d
21913